All Star Wars Movies and TV Shows - Statistics

General Stats
  • This quiz has been taken 79 times
  • The average score is 23 of 28
Answer Stats
Hint Answer % Correct
1977 A New Hope
100%
1983 Return of the Jedi
98%
2008 The Clone Wars
98%
7 The Clone Wars
98%
1999 The Phantom Menace
98%
2005 Revenge of the Sith
97%
1980 The Empire Strikes Back
97%
3 The Mandalorian
95%
2002 Attack of the Clones
94%
2018 Solo
94%
2015 The Force Awakens
94%
2016 Rogue One
92%
2017 The Last Jedi
92%
2019 The Rise of Skywalker
92%
4 Rebels
85%
2026 The Mandalorian and Grogu
83%
1 Ahsoka
82%
1 The Book of Boba Fett
80%
2 Andor
74%
1 Obi-Wan Kenobi
74%
1 The Acolyte
71%
1 Maul: Shadow Lord
66%
3 The Bad Batch
65%
1 Tales of the Jedi
62%
1 Tales of the Empire
58%
2 Resistance
54%
1 Skeleton Crew
51%
1 Tales of the Underworld
49%
No matching quizzes found
Score Distribution
Percent of People with Each Score
Percentile by Number Answered
Your Score History
You have not taken this quiz